Um dia desses... (Record no. 12590)
[ view plain ]
| 000 -LÍDER | |
|---|---|
| campo de controle de tamanho fixo | 00370 a2200169 4500 |
| 001 - NÚMERO DE CONTROLE | |
| campo de controle | 12590 |
| 020 ## - ISBN - INTERNATIONAL STANDARD BOOK NUMBER | |
| ISBN - International Standard Book Number | 9788508128297 |
| 040 ## - FONTE DA CATALOGAÇÃO | |
| Instituição que transcreveu o registro | Anchieta - Aquarius |
| 100 ## - ENTRADA PRINCIPAL--NOME PESSOAL | |
| Nome pessoal | Machado, Ana Maria |
| 240 10 - TÍTULO UNIFORME | |
| Título uniforme | Um dia desses... |
| Idioma da obra | por |
| 245 10 - TÍTULO | |
| Título | Um dia desses... |
| 300 ## - DESCRIÇÃO FÍSICA | |
| Extensão | 31 |
| 362 0# - DATAS DE PUBLICAÇÃO E/OU DESIGNAÇÃO SEQUENCIAL | |
| Datas de publicação e/ou designação sequencial | 2010 |
| 440 #1 - DECLARAÇÃO DE SÉRIE/ENTRADA ADICIONADA--TÍTULO | |
| Título | Ática |
| 650 #4 - ASSUNTO--TERMO TÓPICO | |
| Cabeçalho tópico ou nome geográfico | Literatura infanto-juvenil |
| 942 ## - ELEMENTOS DE ENTRADA ADICIONADOS (KOHA) | |
| Tipo de material Koha | Livros |
| Situação do descarte | Situação das perdas | Situação física | Não pode ser emprestado | Biblioteca de origem | Biblioteca atual | Data de aquisição | Total de empréstimos | Número de chamada completo | Código de barras | Data de último acesso | Data do preço efetivo | Tipo de material Koha |
|---|---|---|---|---|---|---|---|---|---|---|---|---|
| Colégio Anchieta - Aquarius | Colégio Anchieta - Aquarius | 21/11/2023 | 028.5 MAC DIA | 3794/AQU | 21/11/2023 | 21/11/2023 | Livros | |||||
| Colégio Anchieta - Aquarius | Colégio Anchieta - Aquarius | 21/11/2023 | 028.5 MAC DIA | 3795/AQU | 21/11/2023 | 21/11/2023 | Livros | |||||
| Colégio Anchieta - Aquarius | Colégio Anchieta - Aquarius | 21/11/2023 | 028.5 MAC DIA | 3796/AQU | 21/11/2023 | 21/11/2023 | Livros | |||||
| Colégio Anchieta - Aquarius | Colégio Anchieta - Aquarius | 21/11/2023 | 028.5 MAC DIA | 3797/AQU | 21/11/2023 | 21/11/2023 | Livros | |||||
| Colégio Anchieta - Bela Vista | Colégio Anchieta - Bela Vista | 21/11/2023 | 028.5 M149d MAC DIA | 3201/BEL | 21/11/2023 | 21/11/2023 | Livros | |||||
| Colégio Anchieta - Bela Vista | Colégio Anchieta - Bela Vista | 21/11/2023 | 028.5 M149d MAC DIA | 3202/BEL | 21/11/2023 | 21/11/2023 | Livros | |||||
| Colégio São Paulo | Colégio São Paulo | 21/11/2023 | LI 028.5 MAC DIA | 697/ITA | 21/11/2023 | 21/11/2023 | Livros | |||||
| Colégio São Paulo | Colégio São Paulo | 21/11/2023 | LI 028.5 MAC DIA | 698/ITA | 21/11/2023 | 21/11/2023 | Livros |